00958nam a2200241 u 450000100070000000500170000700800410002403500110006504000130007604100080008908200080009710000430010524500940014826000430024230000140028565000410029965000430034065000400038370000350042370000490045870000460050750001630055310093520260506081804.0960823s1995 ||||||m| spa  a100935 ccomduadb aspa 4a65810aLopez Villegas, Luis Ignacio4auteaut10aModelo de gestion de calidad aplicado a una empresa siderurgica : Acerias de Caldas ACASA aMedellín :b[sin publicador],c1995. a142 hojas aAdministración de la calidad total aEmpresas industriales - America Latina 7aPlanificación estratégica2lemb10aJimenez Gil, Gerardo4auteaut10aHerrera Gallego, Iván de Jesús4auteaut10aGiraldo García, Jaime Alberto4auteaut aTesis (Especialista en Alta Gerencia con Énfasis en Calidad) Universidad de Antioquia. Departamento de Ingeniería Industrial - Título del grado otorgado